000 00474nmm a2200169Ia 4500
008 251105s9999||||xx |||||||||||||||||und||
020 _a9788427724723
041 _aspa
100 _aCortella, Mario Sergio
245 0 _aFamilia: urgencias y turbulencias
264 _a[Madrid, España] :
_bNarcea Ediciones,
_c2018
300 _a136 páginas
490 _aEducadores XXI
650 _aFamily
856 _uhttps://public.digitaliapublishing.com/a/58613
942 _cCF
999 _c80851
_d80851